Taylor Swift - Out of the Woods Lyrics - Statistics

General Stats
  • This quiz has been taken 2,806 times
  • The average score is 299 of 335
Answer Stats
Answer % Correct
a
100%
i
99%
of
99%
the
99%
we
99%
out
98%
woods
98%
in
97%
are
96%
you
96%
so
95%
to
95%
at
94%
clear
93%
Looking
93%
looking
93%
remember
93%
too
93%
were
93%
yet
92%
and
91%
when
91%
it
89%
was
89%
now
88%
then
88%
hospital
87%
room
86%
baby
85%
soon
85%
twenty
85%
on
84%
all
83%
did
83%
hit
83%
sun
83%
came
82%
could
82%
me
82%
thinking
82%
crying
81%
simple
81%
up
81%
but
80%
started
80%
stitches
80%
us
80%
your
80%
seems
79%
couldn't
78%
oh
78%
took
77%
color
76%
good
76%
Polaroid
75%
screaming
75%
be
74%
black
74%
white
74%
take
73%
couch
72%
lying
72%
now
72%
heat
71%
just
71%
world
71%
monsters
70%
brakes
69%
free
69%
rest
69%
turned
69%
trees
68%
fall
66%
like
66%
my
66%
apart
65%
back
65%
dance
65%
discovered
65%
neck
65%
chance
64%
flying
64%
forget
64%
night
64%
together
63%
airplanes
62%
move
62%
walked
62%
decided
61%
furniture
61%
quite
61%
said
61%
from
60%
hanging
60%
stood
60%
paper
59%
setting
59%
i'm
58%
two
58%
last
56%
december
55%
built
50%
necklace
48%
No matching quizzes found
Score Distribution
Percent of People with Each Score
Percentile by Number Answered
Your Score History
You have not taken this quiz